[Event "Pan American-ch U18 Girls"]
[Site "Oaxtepec"]
[Date "2014.07.11"]
[Round "1"]
[White "Gomez Camacho, Micaela"]
[Black "Gomez Vazquez, Esthela"]
[Result "1-0"]
[WhiteElo "1972"]
[BlackElo "1568"]
[PlyCount "53"]
[EventDate "2014.07.11"]
[EventType "swiss"]
[EventRounds "9"]
[EventCountry "MEX"]
[SourceTitle "EXT 2022"]
[Source "ChessBase"]
[SourceDate "2021.10.06"]
[SourceVersion "1"]
[SourceVersionDate "2021.10.06"]
[SourceQuality "1"]

1. e4 c5 2. Nf3 d6 3. d4 cxd4 4. Nxd4 Nf6 5. Nc3 g6 6. Be3 Bg7 7. f3 0-0 8. Qd2 Nc6 9. Bc4 Bd7 10. Bb3 Rc8 11. h4 Qa5 12. 0-0-0 h5 13. g4 hxg4 14. h5 Nxh5 15. fxg4 Bxg4 16. Rdg1 Ne5 17. Bh6 Rxc3 18. Bxg7 Rxc2+ 19. Qxc2 Rc8 20. Bxe5 Rxc2+ 21. Nxc2 Qxe5 22. Rxg4 e6 23. Rf1 Nf6 24. Rgf4 Qb5 25. Kb1 Nd7 26. Rxf7 Nc5 27. Rf8+ 1-0